[Event "Copenhagen Chess Challenge 2012"]
[Site "Ballerup"]
[Date "2012.??.??"]
[Round "8"]
[White "Johansen, Johnny Holler"]
[Black "Petrovski, Petruli"]
[Result "1-0"]
[WhiteElo "1967"]
[BlackElo "1879"]
[PlyCount "143"]
[EventDate "2012.??.??"]
[EventType "swiss"]
[EventRounds "9"]
[EventCountry "DEN"]

1. e4 c5 2. Nf3 d6 3. d4 cxd4 4. Nxd4 Nf6 5. Nc3 Bd7 6. Bg5 e6 7. f4 h6 8. Bh4
Be7 9. Qf3 Nc6 10. Nb3 Na5 11. Bd3 Nxb3 12. axb3 Bc6 13. O-O a6 14. Qe2 b5 15.
Bf2 h5 16. Rfd1 g6 17. e5 Ng4 18. exd6 Bxd6 19. Bd4 Bxf4 20. Bxg6 Bxh2+ 21. Kh1
Bd7 22. Bxf7+ Kxf7 23. Qf3+ Kg6 24. Qe4+ Kh6 25. Be3+ Kg7 26. Qd4+ e5 27. Qxd7+
Qxd7 28. Rxd7+ Kf6 29. Bc5 Rhe8 30. Rf1+ Kg6 31. Rff7 Rac8 32. Rg7+ Kf6 33.
Ne4+ Ke6 34. b4 Rcd8 35. Rxd8 Rxd8 36. Rxg4 hxg4 37. Kxh2 Kf5 38. Nd6+ Kf4 39.
Kg1 e4 40. Kf2 g3+ 41. Ke2 Rh8 42. Be3+ Kg4 43. Nxe4 Rh2 44. Kf1 Rh1+ 45. Bg1
Kf4 46. Nd2 Ke5 47. Nf3+ Ke4 48. Ke2 Rh8 49. Bb6 Kd5 50. Kd3 Rg8 51. b3 Rc8 52.
Nd2 Rc6 53. Be3 Rg6 54. c4+ Kc6 55. Ne4 Rg4 56. Kd4 Rh4 57. Ke5 Rh2 58. Nxg3
Rxg2 59. Nf5 bxc4 60. bxc4 Rb2 61. Nd4+ Kb7 62. b5 a5 63. Ne6 Ra2 64. c5 a4 65.
c6+ Kc8 66. b6 Rb2 67. Bc5 Rb3 68. Nd4 Rb1 69. Nf5 Re1+ 70. Kf6 Rf1 71. b7+ Kb8
72. Bd6+ 1-0

[Event "Copenhagen Chess Challenge 2012"]
[Site "Ballerup"]
[Date "2012.??.??"]
[Round "8"]
[White "Tandrup, Michael"]
[Black "Nielsen, Thomas (1994)"]
[Result "1-0"]
[WhiteElo "1967"]
[BlackElo "1616"]
[PlyCount "49"]
[EventDate "2012.??.??"]
[EventType "swiss"]
[EventRounds "9"]
[EventCountry "DEN"]

1. Nf3 Nf6 2. g3 g6 3. d3 Bg7 4. Nbd2 d6 5. Bg2 c6 6. O-O Be6 7. Ng5 Bd7 8. c3
d5 9. e4 h6 10. Ngf3 dxe4 11. dxe4 Bg4 12. Qb3 Qc7 13. h3 Bxf3 14. Bxf3 e5 15.
Qa3 Nbd7 16. Nc4 Bf8 17. Qb3 Nc5 18. Qc2 O-O-O 19. Be3 Kb8 20. b4 Ne6 21. a4
Be7 22. a5 Rd7 23. Bb6 axb6 24. axb6 Qc8 25. Ra8+ 1-0

[Event "Copenhagen Chess Challenge 2012"]
[Site "Ballerup"]
[Date "2012.??.??"]
[Round "8"]
[White "Skovle, Lars"]
[Black "Leosson, Atli Johann"]
[Result "0-1"]
[WhiteElo "1621"]
[BlackElo "1715"]
[PlyCount "38"]
[EventDate "2012.??.??"]
[EventType "swiss"]
[EventRounds "9"]
[EventCountry "DEN"]

1. e4 e5 2. Bc4 Nf6 3. d3 d6 4. Be3 Nc6 5. c3 Be7 6. Na3 a6 7. Qd2 Na5 8. h3
Nxc4 9. Nxc4 Be6 10. f3 b5 11. Na3 d5 12. Nc2 dxe4 13. fxe4 c5 14. Nf3 Qd6 15.
Ng5 Rd8 16. Nxe6 Qxe6 17. Qe2 c4 18. d4 Nxe4 19. dxe5 Bh4+ 0-1

[Event "Copenhagen Chess Challenge 2012"]
[Site "Ballerup"]
[Date "2012.??.??"]
[Round "8"]
[White "Olsen, Michael Richard W"]
[Black "Kallenbach, Uffe"]
[Result "1-0"]
[WhiteElo "2023"]
[BlackElo "1643"]
[PlyCount "107"]
[EventDate "2012.??.??"]
[EventType "swiss"]
[EventRounds "9"]
[EventCountry "DEN"]

1. b4 e6 2. Bb2 Nf6 3. a3 c5 4. b5 b6 5. c4 Bb7 6. e3 d5 7. Nf3 Be7 8. Be2 dxc4
9. Bxc4 Nbd7 10. Nc3 O-O 11. Qe2 Qc7 12. O-O Rac8 13. e4 Ng4 14. h3 Nge5 15.
Nxe5 Nxe5 16. d3 Bf6 17. Nd1 Nd7 18. Bxf6 Nxf6 19. Ne3 Rfd8 20. Ng4 Qe7 21.
Nxf6+ Qxf6 22. a4 Qd4 23. Ra3 g6 24. Rfa1 Kg7 25. Qe3 e5 26. Qxd4 cxd4 27. f3
Ra8 28. a5 Kf6 29. axb6 axb6 30. Ra7 Rab8 31. Kf2 Rd7 32. h4 Ke7 33. g3 f6 34.
g4 h6 35. Kg3 Kd6 36. f4 Rc7 37. f5 g5 38. hxg5 hxg5 39. Rh1 Bxe4 40. Rxc7 Bxh1
41. Rf7 Bd5 42. Bxd5 Kxd5 43. Rxf6 e4 44. dxe4+ Kxe4 45. Re6+ Kd3 46. Kf3 Kc4
47. Ke2 Kxb5 48. Kd3 Kc5 49. Re5+ Kb4 50. Rd5 b5 51. Kxd4 Kb3 52. f6 b4 53.
Rxg5 Rb6 54. Rf5 1-0

[Event "Copenhagen Chess Challenge 2012"]
[Site "Ballerup"]
[Date "2012.??.??"]
[Round "8"]
[White "Einarsson, Oskar Long"]
[Black "Kuntz, Lene"]
[Result "1/2-1/2"]
[WhiteElo "1591"]
[BlackElo "1701"]
[PlyCount "138"]
[EventDate "2012.??.??"]
[EventType "swiss"]
[EventRounds "9"]
[EventCountry "DEN"]

1. e4 e5 2. Nf3 Nc6 3. Bb5 a6 4. Ba4 Nf6 5. O-O d6 6. Re1 Be7 7. c3 O-O 8. h3
Be6 9. d4 b5 10. Bc2 Bd7 11. Be3 Qc8 12. Nbd2 Ne8 13. Ng5 h6 14. Ngf3 a5 15. d5
Na7 16. Nh2 Nf6 17. Qf3 c6 18. Ndf1 b4 19. c4 cxd5 20. exd5 Qxc4 21. Bb3 Qh4
22. Ng3 e4 23. Nxe4 Nxe4 24. Bxa7 Nd2 25. Qe3 Nxb3 26. axb3 Bf6 27. Nf3 Qh5 28.
Rxa5 Rfe8 29. Qd2 Qg6 30. Rxe8+ Rxe8 31. Kh2 Bf5 32. Bd4 Bxd4 33. Nxd4 Bd3 34.
Nc6 Bf1 35. f3 Kh7 36. Nd4 Qf6 37. Kg1 Bxg2 38. Kxg2 Qg6+ 39. Kh2 Qb1 40. Ne2
Qf1 41. Qd3+ g6 42. Nf4 Qf2+ 43. Ng2 Re2 44. Qxe2 Qxe2 45. Ra4 Qxf3 46. Rxb4 h5
47. Rb8 Qxd5 48. b4 Qe5+ 49. Kh1 d5 50. Rb7 Qf5 51. Kh2 g5 52. b5 d4 53. b6 d3
54. Re7 Qc8 55. Rxf7+ Kg6 56. Rf1 Qb8+ 57. Kh1 Qxb6 58. Rd1 Qb3 59. Ne3 Qb7+
60. Kg1 Qe4 61. Nf1 Qe2 62. Rd2 Qf3 63. Rh2 h4 64. Nd2 Qd1+ 65. Nf1 Qe1 66. Rd2
Qe4 67. Rh2 Kh5 68. Rg2 Qf3 69. Rh2 Qf4 1/2-1/2

[Event "Copenhagen Chess Challenge 2012"]
[Site "Ballerup"]
[Date "2012.??.??"]
[Round "8"]
[White "Svane, Rasmus"]
[Black "Poulsen, Iver"]
[Result "1/2-1/2"]
[WhiteElo "2390"]
[BlackElo "2084"]
[PlyCount "84"]
[EventDate "2012.??.??"]
[EventType "swiss"]
[EventRounds "9"]
[EventCountry "DEN"]

1. d4 d5 2. c4 e6 3. Nc3 c6 4. e3 f5 5. g4 Nf6 6. gxf5 exf5 7. Bd3 Be6 8. cxd5
Nxd5 9. Nge2 Bd6 10. Rg1 Qe7 11. Nxd5 cxd5 12. Nf4 Bxf4 13. exf4 Nc6 14. Be3 g6
15. Qd2 Rc8 16. Rc1 Kf7 17. a3 Rc7 18. b4 Rhc8 19. Ke2 a6 20. Qb2 Kg8 21. Kd2
Nd8 22. Rxc7 Qxc7 23. Ke2 Nf7 24. Rc1 Qd8 25. Rc5 Nd6 26. Qc3 Ne4 27. Bxe4 fxe4
28. Rxc8 Qxc8 29. Qxc8+ Bxc8 30. f3 Bf5 31. fxe4 Bxe4 32. a4 b5 33. axb5 axb5
34. Bf2 Bf5 35. Ke3 Kf7 36. Bh4 h6 37. Bd8 Ke6 38. h4 h5 39. Bg5 Kd6 40. Bf6
Ke6 41. Bg5 Kd6 42. Bf6 Ke6 1/2-1/2

[Event "Copenhagen Chess Challenge 2012"]
[Site "Ballerup"]
[Date "2012.??.??"]
[Round "8"]
[White "Akdag, Dara"]
[Black "Wilbrandt, Simon Pil"]
[Result "1/2-1/2"]
[WhiteElo "2264"]
[BlackElo "1949"]
[PlyCount "123"]
[EventDate "2012.??.??"]
[EventType "swiss"]
[EventRounds "9"]
[EventCountry "DEN"]

1. d4 Nf6 2. c4 g6 3. Nc3 d5 4. cxd5 Nxd5 5. Bd2 Bg7 6. e4 Nb6 7. Be3 O-O 8.
Bb5 a6 9. Be2 Nc6 10. Nf3 Bg4 11. d5 Na5 12. Bd4 Bxf3 13. gxf3 e5 14. Bc5 Re8
15. b3 Nd7 16. Be3 c5 17. Qd2 b6 18. h4 Nf8 19. h5 Nb7 20. hxg6 fxg6 21. Bg5
Qc7 22. Rc1 Nd6 23. Na4 Qb7 24. b4 Nd7 25. bxc5 bxc5 26. Nxc5 Nxc5 27. Rxc5
Rec8 28. Rxc8+ Rxc8 29. O-O Nf7 30. Be3 Qe7 31. Rc1 Rf8 32. Rc6 Qh4 33. Qc1 Bh6
34. Bxh6 Nxh6 35. Rc8 Nf7 36. Rxf8+ Kxf8 37. Bxa6 Ng5 38. Qc8+ Kg7 39. Qg4 Nh3+
40. Kg2 Nf4+ 41. Kg1 Nh3+ 42. Kh2 Qxg4 43. fxg4 Nxf2 44. d6 Nxg4+ 45. Kg2 Nf6
46. Bc8 Kf7 47. Kf3 Ke8 48. a4 Kd8 49. Be6 Ne8 50. Bg8 Nxd6 51. Bxh7 Kc7 52.
Bxg6 Kb6 53. Bf5 Ka5 54. Bd7 Kb4 55. Ke3 Ka5 56. Kd3 Kb4 57. Bc6 Ka5 58. Kc3
Nxe4+ 59. Bxe4 Kxa4 60. Kc4 Ka5 61. Kd5 Kb5 62. Kxe5 1/2-1/2

[Event "Copenhagen Chess Challenge 2012"]
[Site "Ballerup"]
[Date "2012.??.??"]
[Round "8"]
[White "Kokholm, Daniel"]
[Black "Haubro, Sigfred"]
[Result "0-1"]
[WhiteElo "1925"]
[BlackElo "2135"]
[PlyCount "88"]
[EventDate "2012.??.??"]
[EventType "swiss"]
[EventRounds "9"]
[EventCountry "DEN"]

1. e4 e5 2. Bc4 d6 3. d3 Nf6 4. c3 Be7 5. f4 exf4 6. Bxf4 O-O 7. Nf3 c6 8. Bb3
Nbd7 9. Qe2 a5 10. Nbd2 a4 11. Bc2 Re8 12. h3 Nf8 13. g4 Ng6 14. Bg3 b5 15. Nd4
Qb6 16. O-O Be6 17. Kh2 Bf8 18. Qf3 h6 19. a3 Ra7 20. Bf2 c5 21. Nf5 Bxf5 22.
gxf5 Ne5 23. Qg2 d5 24. d4 cxd4 25. cxd4 Nc4 26. Nxc4 bxc4 27. e5 Qxb2 28. Be3
Kh7 29. Rg1 Rae7 30. Bf4 Qxd4 31. Qf3 Rxe5 32. Bxe5 Rxe5 33. Rad1 Qe3 34. Qg2
Qe2 35. Bxa4 Qxg2+ 36. Rxg2 Re3 37. Bc6 Bd6+ 38. Kg1 Bc5 39. Kf1 d4 40. a4 Rxh3
41. Ra2 c3 42. a5 Ng4 43. Rc1 d3 44. Be4 d2 0-1

[Event "Copenhagen Chess Challenge 2012"]
[Site "Ballerup"]
[Date "2012.??.??"]
[Round "8"]
[White "Jensen, Simon Stibolt"]
[Black "Haubro, Martin"]
[Result "0-1"]
[WhiteElo "1667"]
[BlackElo "2092"]
[PlyCount "44"]
[EventDate "2012.??.??"]
[EventType "swiss"]
[EventRounds "9"]
[EventCountry "DEN"]

1. e4 c5 2. Nf3 d6 3. Bb5+ Nd7 4. O-O Ngf6 5. Nc3 e5 6. d3 h6 7. Be3 a6 8. Bc4
Be7 9. Qd2 Nb6 10. Bd5 Nfxd5 11. Nxd5 Nxd5 12. exd5 f5 13. Qc1 f4 14. Bd2 O-O
15. Be1 Qe8 16. Nd2 f3 17. Nxf3 Rxf3 18. gxf3 Bh3 19. Kh1 Bxf1 20. Bd2 Be2 21.
Bxh6 Bxf3+ 22. Kg1 Qg6+ 0-1

[Event "Copenhagen Chess Challenge 2012"]
[Site "Ballerup"]
[Date "2012.??.??"]
[Round "8"]
[White "Nielsen, Klaus"]
[Black "Andersen, Daniel"]
[Result "1-0"]
[WhiteElo "2092"]
[BlackElo "1895"]
[PlyCount "65"]
[EventDate "2012.??.??"]
[EventType "swiss"]
[EventRounds "9"]
[EventCountry "DEN"]

1. d4 Nf6 2. Nf3 g6 3. Nc3 d5 4. Bf4 Bg7 5. Qd2 Ne4 6. Nxe4 dxe4 7. Ne5 c5 8.
e3 Nd7 9. Nxd7 Bxd7 10. c3 Qa5 11. Bc4 O-O 12. O-O Bb5 13. Bxb5 Qxb5 14. Qc2
cxd4 15. exd4 Qf5 16. Be3 Rfd8 17. Rad1 Rac8 18. a4 Qd5 19. b3 a6 20. c4 b5 21.
axb5 axb5 22. c5 Ra8 23. f3 exf3 24. Rxf3 Ra3 25. Bf2 e5 26. c6 e4 27. Rc3 b4
28. Rc4 Rc8 29. c7 Qd7 30. Be1 Bf8 31. d5 Bd6 32. Bg3 Rxc7 33. Rxc7 1-0

[Event "Copenhagen Chess Challenge 2012"]
[Site "Ballerup"]
[Date "2012.??.??"]
[Round "8"]
[White "Vesterli, Michael E"]
[Black "Hansen, Rasmus Agertoft"]
[Result "1-0"]
[WhiteElo "2030"]
[BlackElo "1923"]
[PlyCount "101"]
[EventDate "2012.??.??"]
[EventType "swiss"]
[EventRounds "9"]
[EventCountry "DEN"]

1. d4 f5 2. Nc3 Nf6 3. Bg5 d5 4. Nf3 h6 5. Bxf6 exf6 6. Nh4 h5 7. e4 fxe4 8.
Be2 Be6 9. Bxh5+ Bf7 10. Bxf7+ Kxf7 11. Qg4 g5 12. Nf5 Nc6 13. O-O-O Ne7 14. h4
Qc8 15. hxg5 Rxh1 16. g6+ Ke8 17. Rxh1 Qxf5 18. Qxf5 Nxf5 19. Nxd5 Rd8 20.
Nxf6+ Ke7 21. Nxe4 Rxd4 22. Re1 Bh6+ 23. Kb1 Kf8 24. c3 Rd7 25. g4 Nd6 26. Nf6
Rd8 27. g5 Kg7 28. Ne4 Nxe4 29. gxh6+ Kxh6 30. Rxe4 Kxg6 31. Re7 Rc8 32. Kc2
Kf6 33. Rh7 Ke6 34. Kd3 Kd6 35. f4 Re8 36. Rh2 Kd5 37. c4+ Kd6 38. Re2 Rf8 39.
Ke4 Re8+ 40. Kf3 Rh8 41. f5 Rh7 42. Kg4 Rh1 43. b3 Rg1+ 44. Kh5 a5 45. f6 a4
46. f7 Rf1 47. Kg6 Rg1+ 48. Kh7 Rh1+ 49. Kg7 Rg1+ 50. Kf8 Rh1 51. Ke8 1-0

[Event "Copenhagen Chess Challenge 2012"]
[Site "Ballerup"]
[Date "2012.??.??"]
[Round "8"]
[White "Andersen, Kim Nyvang"]
[Black "Knudsen, Jes West"]
[Result "0-1"]
[WhiteElo "2009"]
[BlackElo "1890"]
[PlyCount "50"]
[EventDate "2012.??.??"]
[EventType "swiss"]
[EventRounds "9"]
[EventCountry "DEN"]

1. d4 f5 2. Nf3 Nf6 3. c4 d6 4. g3 g6 5. b4 Nc6 6. b5 Na5 7. Nbd2 Bg7 8. Bb2
O-O 9. Bg2 Ne4 10. Qc2 Be6 11. O-O c5 12. bxc6 Nxd2 13. Nxd2 bxc6 14. e4 fxe4
15. Bxe4 d5 16. cxd5 cxd5 17. Bd3 Rc8 18. Qa4 Nc4 19. Bc3 Bxd4 20. Bxd4 Nxd2
21. Be3 Nf3+ 22. Kg2 d4 23. Bh6 Qd5 24. Qb3 Ne1+ 25. Kg1 Qg2# 0-1

[Event "Copenhagen Chess Challenge 2012"]
[Site "Ballerup"]
[Date "2012.??.??"]
[Round "8"]
[White "Percivaldi, Martin"]
[Black "Schmidt, Horst Hubert"]
[Result "1-0"]
[WhiteElo "1938"]
[BlackElo "1850"]
[PlyCount "87"]
[EventDate "2012.??.??"]
[EventType "swiss"]
[EventRounds "9"]
[EventCountry "DEN"]

1. e4 d6 2. c4 e5 3. Nc3 Nc6 4. d3 g6 5. g3 Bg7 6. Bg2 Nge7 7. Nge2 Be6 8. Nd5
Qd7 9. Rb1 O-O 10. O-O Rac8 11. b4 f5 12. b5 Nd8 13. Be3 fxe4 14. Nxe7+ Qxe7
15. Bxe4 c6 16. Nc3 d5 17. cxd5 cxd5 18. Nxd5 Qd7 19. Nb4 Qxb5 20. Nc6 Qxc6 21.
Bxc6 bxc6 22. Qd2 Nf7 23. Rb7 a6 24. Ra7 Rfd8 25. Rb1 e4 26. Rbb7 Rxd3 27. Qc2
c5 28. Re7 Bd5 29. Rxf7 Bxf7 30. Rxf7 Kxf7 31. Qc4+ Kf8 32. Bxc5+ Rxc5 33.
Qxc5+ Ke8 34. Qc6+ Rd7 35. Qxe4+ Re7 36. Qa8+ Kf7 37. Qxa6 Re6 38. Qb7+ Re7 39.
Qd5+ Re6 40. a4 Ke7 41. Qb7+ Kf6 42. a5 Re1+ 43. Kg2 Re7 44. a6 1-0

[Event "Copenhagen Chess Challenge 2012"]
[Site "Ballerup"]
[Date "2012.??.??"]
[Round "8"]
[White "Pallesen, Jacob"]
[Black "Philipsen, William Horup"]
[Result "0-1"]
[WhiteElo "1985"]
[BlackElo "1895"]
[PlyCount "56"]
[EventDate "2012.??.??"]
[EventType "swiss"]
[EventRounds "9"]
[EventCountry "DEN"]

1. d4 d5 2. c4 e5 3. dxe5 d4 4. Nf3 Nc6 5. g3 Nge7 6. Bg2 Ng6 7. O-O Bg4 8.
Nbd2 Qd7 9. a3 Bh3 10. b4 Bxg2 11. Kxg2 Qg4 12. Nb3 O-O-O 13. h3 Qf5 14. Qd3
Qd7 15. Bf4 f6 16. exf6 Nxf4+ 17. gxf4 gxf6 18. b5 Rg8+ 19. Kh2 Bd6 20. Nh4
Bxf4+ 21. Kh1 Rg3 22. fxg3 Qxh3+ 23. Kg1 Be3+ 24. Rf2 Qxg3+ 25. Ng2 Ne5 26.
Qf5+ Kb8 27. Kf1 Ng4 28. Rf3 Nh2# 0-1

[Event "Copenhagen Chess Challenge 2012"]
[Site "Ballerup"]
[Date "2012.??.??"]
[Round "9"]
[White "Tikkanen, Hans"]
[Black "Ziska, Helgi Dam"]
[Result "1-0"]
[WhiteElo "2566"]
[BlackElo "2450"]
[PlyCount "127"]
[EventDate "2012.??.??"]
[EventType "swiss"]
[EventRounds "9"]
[EventCountry "DEN"]

1. c4 g6 2. Nc3 Bg7 3. g3 Nf6 4. Bg2 O-O 5. e4 d6 6. Nge2 e5 7. O-O Be6 8. b3
Qd7 9. d4 exd4 10. Nxd4 Bh3 11. f3 Bxg2 12. Kxg2 Re8 13. Bb2 c6 14. Nc2 Na6 15.
Qd2 Rad8 16. Rad1 Nc7 17. Qf2 b6 18. Ne3 Qc8 19. Rd3 Rd7 20. Rfd1 Red8 21. Ba3
Ne6 22. b4 a6 23. Bb2 b5 24. a4 bxa4 25. Nxa4 Qb8 26. Bc3 Ne8 27. Bxg7 N6xg7
28. Nc2 Ne6 29. f4 a5 30. f5 Nf8 31. bxa5 Ra7 32. Nd4 Qb7 33. Nb3 Nd7 34. Nb6
Ne5 35. R3d2 c5 36. Rd5 Rxa5 37. Nxa5 Qxb6 38. Nb7 Qxb7 39. Rxe5 Rb8 40. Red5
Nf6 41. fxg6 Nxd5 42. gxh7+ Kxh7 43. Qf5+ Kg7 44. Qg5+ Kf8 45. Rxd5 Qb2+ 46.
Rd2 Qb1 47. Qf4 Re8 48. Qxd6+ Kg7 49. Re2 Rxe4 50. Rf2 Re6 51. Qxc5 Qe4+ 52.
Kg1 Rc6 53. Qg5+ Kf8 54. Qd5 Qe1+ 55. Kg2 Re6 56. c5 Kg7 57. Qg5+ Kf8 58. Qf5
Re7 59. Qd5 Kg7 60. c6 Qc3 61. Qg5+ Kf8 62. Qf6 Qxf6 63. Rxf6 Rc7 64. g4 1-0

[Event "Copenhagen Chess Challenge 2012"]
[Site "Ballerup"]
[Date "2012.??.??"]
[Round "9"]
[White "Brynell, Stellan"]
[Black "Haub, Thorsten Michael"]
[Result "1/2-1/2"]
[WhiteElo "2489"]
[BlackElo "2476"]
[PlyCount "31"]
[EventDate "2012.??.??"]
[EventType "swiss"]
[EventRounds "9"]
[EventCountry "DEN"]

1. d4 g6 2. e4 Bg7 3. Nf3 d6 4. Bc4 a6 5. O-O e6 6. c3 Nd7 7. Re1 Ne7 8. Nbd2
O-O 9. Bb3 b5 10. a4 Rb8 11. axb5 axb5 12. Nf1 c5 13. Bc2 Qc7 14. Bg5 Nc6 15.
Qd2 Nb6 16. Ne3 1/2-1/2

[Event "Copenhagen Chess Challenge 2012"]
[Site "Ballerup"]
[Date "2012.??.??"]
[Round "9"]
[White "Hector, Jonny"]
[Black "Minko, Vladimir"]
[Result "0-1"]
[WhiteElo "2560"]
[BlackElo "2188"]
[PlyCount "108"]
[EventDate "2012.??.??"]
[EventType "swiss"]
[EventRounds "9"]
[EventCountry "DEN"]

1. d4 Nf6 2. Nc3 c5 3. dxc5 e6 4. e4 Nc6 5. Be3 Qa5 6. Qd2 Bxc5 7. Bxc5 Qxc5 8.
O-O-O O-O 9. f4 d5 10. Bd3 d4 11. Na4 Qe7 12. Nf3 Bd7 13. c3 Nd8 14. Bc2 Bxa4
15. Bxa4 dxc3 16. Qxc3 Nxe4 17. Qd4 Qc5+ 18. Bc2 Qxd4 19. Rxd4 Nf6 20. Ne5 Nd5
21. Bb3 Rc8+ 22. Kb1 Nb6 23. Rc1 Rxc1+ 24. Kxc1 Nc6 25. Nxc6 bxc6 26. a4 Rc8
27. Rb4 Kf8 28. a5 Nd5 29. Rb7 a6 30. Bxd5 cxd5+ 31. Kd2 Rc5 32. b4 Rc6 33. Kd3
g6 34. g3 Kg7 35. Kd4 Kf6 36. Kd3 h5 37. h4 Rc1 38. Kd4 Rc2 39. Kd3 Rc4 40. Kd2
e5 41. fxe5+ Kxe5 42. Rxf7 Rxb4 43. Re7+ Kf6 44. Ra7 Kf5 45. Rxa6 Ra4 46. Ra8
Ke4 47. Rg8 Rxa5 48. Rxg6 Ra2+ 49. Ke1 Ra1+ 50. Kf2 Ra2+ 51. Ke1 d4 52. Re6+
Kf3 53. Rd6 Rh2 54. Rxd4 Ke3 0-1

[Event "Copenhagen Chess Challenge 2012"]
[Site "Ballerup"]
[Date "2012.??.??"]
[Round "9"]
[White "Hagen, Andreas Skytte"]
[Black "Stefansson, Hannes"]
[Result "1/2-1/2"]
[WhiteElo "2445"]
[BlackElo "2516"]
[PlyCount "94"]
[EventDate "2012.??.??"]
[EventType "swiss"]
[EventRounds "9"]
[EventCountry "DEN"]

1. c4 Nf6 2. g3 c6 3. Bg2 d5 4. Nf3 Bf5 5. cxd5 cxd5 6. Qb3 Bc8 7. O-O Nc6 8.
d3 e6 9. Nc3 Be7 10. e4 d4 11. Ne2 O-O 12. e5 Nd7 13. Nexd4 Nxd4 14. Nxd4 Nxe5
15. Be3 Ng4 16. Rac1 Nxe3 17. fxe3 Bf6 18. Nb5 Qb6 19. Nc7 Qxb3 20. axb3 Rb8
21. d4 Bd7 22. Rc2 Rfc8 23. Rfc1 Kf8 24. Bf1 a6 25. b4 Bd8 26. b5 axb5 27. Nxb5
Rxc2 28. Rxc2 Bb6 29. Na3 Rc8 30. Rxc8+ Bxc8 31. Nc4 Bc7 32. Kf2 Ke7 33. Bg2 f6
34. b4 e5 35. dxe5 fxe5 36. Bd5 b6 37. Kf3 Bd7 38. e4 h5 39. Ne3 b5 40. Bb3 Bb8
41. h4 Ba7 42. Nf5+ Kf8 43. Bc2 g6 44. Ne3 Bd4 45. Bd3 Bb2 46. Nd5 Ba3 47. Kf2
Bc6 1/2-1/2

[Event "Copenhagen Chess Challenge 2012"]
[Site "Ballerup"]
[Date "2012.??.??"]
[Round "9"]
[White "Hove, Esben Kjems"]
[Black "Semcesen, Daniel"]
[Result "1/2-1/2"]
[WhiteElo "2247"]
[BlackElo "2461"]
[PlyCount "87"]
[EventDate "2012.??.??"]
[EventType "swiss"]
[EventRounds "9"]
[EventCountry "DEN"]

1. d4 e6 2. c4 b6 3. Nf3 Bb7 4. e3 Nf6 5. Bd3 c5 6. O-O Be7 7. b3 cxd4 8. Nxd4
O-O 9. Nc3 d6 10. Bb2 Nbd7 11. Rc1 a6 12. Bb1 Rc8 13. e4 Re8 14. Kh1 Bf8 15. f4
g6 16. Nde2 Qc7 17. Ng3 Bg7 18. f5 Ne5 19. fxe6 fxe6 20. Rc2 Nfg4 21. Bc1 Rf8
22. h3 Qe7 23. Rf4 Rxf4 24. Bxf4 Rf8 25. Qd2 Qf6 26. Nce2 Nf2+ 27. Kh2 Nxe4 28.
Nxe4 Bxe4 29. Rc1 Qf5 30. Bxe4 Qxe4 31. Bg3 Nf7 32. Nc3 Qc6 33. Qe1 Re8 34. Ne4
Rf8 35. Nxd6 e5 36. Nxf7 Rxf7 37. Rd1 Re7 38. Qe3 h5 39. Rd5 Kh7 40. Qe4 Qe6
41. c5 bxc5 42. Rxc5 Qf5 43. Qe2 Qf6 44. Qe4 1/2-1/2

[Event "Copenhagen Chess Challenge 2012"]
[Site "Ballerup"]
[Date "2012.??.??"]
[Round "9"]
[White "Westerinen, Heikki"]
[Black "Pedersen, Nicolai Vesterbaek"]
[Result "1-0"]
[WhiteElo "2335"]
[BlackElo "2465"]
[PlyCount "85"]
[EventDate "2012.??.??"]
[EventType "swiss"]
[EventRounds "9"]
[EventCountry "DEN"]

1. e4 e5 2. Nf3 Nc6 3. Bb5 a6 4. Ba4 Nf6 5. O-O Be7 6. Re1 b5 7. Bb3 O-O 8. a4
b4 9. a5 d6 10. c3 Rb8 11. d4 bxc3 12. bxc3 exd4 13. Nxd4 Nxd4 14. cxd4 d5 15.
e5 Ne4 16. Ba3 c5 17. dxc5 Nxc5 18. Bxd5 Qxa5 19. Nd2 Nd3 20. Bxe7 Qxd5 21. Re3
Nf4 22. Ne4 Qxd1+ 23. Rxd1 Nd5 24. Nf6+ Nxf6 25. Bxf8 Ng4 26. Ba3 Bf5 27. Re2
h5 28. h3 Nh6 29. Bc1 Be6 30. Bxh6 gxh6 31. Ra1 Kh7 32. Re4 Rb6 33. Rea4 Bc8
34. Ra5 Kg6 35. Rd1 Be6 36. Rd6 Rb1+ 37. Kh2 Rb2 38. f3 Kf5 39. Rdxa6 Kf4 40.
Ra4+ Kg5 41. Kg3 Re2 42. f4+ Kf5 43. Kf3 1-0

[Event "Copenhagen Chess Challenge 2012"]
[Site "Ballerup"]
[Date "2012.??.??"]
[Round "9"]
[White "Jorgensen, Carina Eilegaard"]
[Black "Christensen, Tobias"]
[Result "0-1"]
[WhiteElo "2028"]
[BlackElo "2363"]
[PlyCount "86"]
[EventDate "2012.??.??"]
[EventType "swiss"]
[EventRounds "9"]
[EventCountry "DEN"]

1. c4 c5 2. g3 e5 3. Bg2 g6 4. d3 Bg7 5. Nf3 Ne7 6. Nc3 O-O 7. O-O Nbc6 8. Ne1
a6 9. Nc2 Rb8 10. a4 d6 11. Ne3 Bd7 12. Ned5 Nxd5 13. Nxd5 Ne7 14. a5 Bc6 15.
e4 Nxd5 16. exd5 Bd7 17. f4 h5 18. Qc2 b6 19. axb6 Rxb6 20. Rb1 Qe7 21. Bd2
exf4 22. Rxf4 Bf5 23. Be4 Be5 24. Rff1 Bh3 25. Rfe1 h4 26. Bf4 Bd4+ 27. Kh1 Qf6
28. b3 hxg3 29. Bxg3 Kg7 30. Bg2 Bf5 31. Rf1 Qg5 32. Bf4 Qh4 33. Be4 Bh3 34.
Bg2 Bg4 35. Bg3 Qg5 36. Bf3 Bd7 37. Qc1 Qxg3 38. hxg3 Rh8+ 39. Bh5 Rxh5+ 40.
Kg2 Bh3+ 41. Kf3 Rf5+ 42. Ke4 Bg2+ 43. Rf3 Bxf3# 0-1

[Event "Copenhagen Chess Challenge 2012"]
[Site "Ballerup"]
[Date "2012.??.??"]
[Round "9"]
[White "Matthiesen, Martin"]
[Black "Fries Nielsen, Jens Ove"]
[Result "1-0"]
[WhiteElo "2310"]
[BlackElo "2363"]
[PlyCount "67"]
[EventDate "2012.??.??"]
[EventType "swiss"]
[EventRounds "9"]
[EventCountry "DEN"]

1. c4 g6 2. g3 Bg7 3. Bg2 Nc6 4. Nc3 e6 5. e4 f5 6. d3 fxe4 7. dxe4 Ne5 8. Qe2
c5 9. Nf3 Ne7 10. Nxe5 Bxe5 11. Bd2 Nc6 12. h4 Nd4 13. Qd3 d6 14. f4 Bg7 15. h5
gxh5 16. Rxh5 Qb6 17. e5 Qxb2 18. Rc1 Bd7 19. Rxh7 O-O-O 20. Rxg7 Bc6 21. Rb1
Qxb1+ 22. Nxb1 Bxg2 23. Rh7 dxe5 24. Qg6 Bc6 25. Be3 Rxh7 26. Qxh7 Nf5 27. Bxc5
exf4 28. gxf4 b6 29. Bf2 Rd7 30. Qh8+ Kb7 31. Nd2 Rd3 32. Qe5 Rd7 33. Nb3 Bf3
34. Nd4 1-0

[Event "Copenhagen Chess Challenge 2012"]
[Site "Ballerup"]
[Date "2012.??.??"]
[Round "9"]
[White "Carstensen, Jacob"]
[Black "Jacobsen, Bo"]
[Result "1-0"]
[WhiteElo "2305"]
[BlackElo "2337"]
[PlyCount "55"]
[EventDate "2012.??.??"]
[EventType "swiss"]
[EventRounds "9"]
[EventCountry "DEN"]

1. d4 Nf6 2. c4 c5 3. d5 e5 4. Nc3 d6 5. e4 Nbd7 6. g3 g6 7. Bg2 Bg7 8. Nge2
O-O 9. O-O Ne8 10. h3 f5 11. f4 Qe7 12. Qc2 Nef6 13. exf5 gxf5 14. Qxf5 Nb6 15.
Qd3 e4 16. Nxe4 Bf5 17. N2c3 Rae8 18. Re1 h5 19. Bd2 Qf7 20. Kh2 Qg6 21. Re3
Nxe4 22. Bxe4 Bxc3 23. Bxf5 Rxe3 24. Bxe3 Qxf5 25. Qxc3 Qe4 26. b3 Qf3 27. Qd2
a5 28. a4 1-0

[Event "Copenhagen Chess Challenge 2012"]
[Site "Ballerup"]
[Date "2012.??.??"]
[Round "9"]
[White "Haubro, Sigfred"]
[Black "Bromann, Thorbjorn"]
[Result "1-0"]
[WhiteElo "2135"]
[BlackElo "2411"]
[PlyCount "91"]
[EventDate "2012.??.??"]
[EventType "swiss"]
[EventRounds "9"]
[EventCountry "DEN"]

1. c4 g6 2. Nc3 Bg7 3. g3 Nf6 4. Bg2 O-O 5. Nf3 d6 6. O-O Nc6 7. d3 e5 8. Rb1
a5 9. b3 h6 10. a3 Be6 11. b4 axb4 12. axb4 e4 13. Ne1 exd3 14. exd3 d5 15. c5
d4 16. Ne2 Ba2 17. Rb2 Bd5 18. b5 Bxg2 19. Nxg2 Ne5 20. f4 Ned7 21. Qc2 Nd5 22.
f5 g5 23. h4 Nc3 24. c6 bxc6 25. bxc6 Ne5 26. hxg5 hxg5 27. Nxc3 dxc3 28. Rb5
Bf6 29. Qe2 Nxc6 30. Bxg5 Bxg5 31. f6 Ra5 32. Rxa5 Qd4+ 33. Kh2 Nxa5 34. Rf4
Qc5 35. d4 Qd5 36. Qg4 c2 37. Ne3 c1=Q 38. Nxd5 Qc2+ 39. Kg1 Rd8 40. Qxg5+ Kf8
41. Nxc7 Qd1+ 42. Kg2 Qc2+ 43. Rf2 Qe4+ 44. Kg1 Qb1+ 45. Rf1 Qg6 46. Qxg6 1-0